000 00402nam a2200145 a 4500
005 20140414131846.0
008 100701s19uu xx 00 eng d
050 _aM 292.1
_bB57 1995
100 _aBlaisdel, Bob
245 _aFavorite greek myths.
260 _aNew York :
_bDover,
_c1995.
440 _aChildren's Thrift Classics
650 _aMythology, Greek
_xJuvenile literature
999 _c109934
_d109934